Music Quiz

Random Music or Lyrics Quiz
Score 0/14 Timer 02:00
6 Plays Today
% Correct
I'm travelling at the speed of light
87.1%
I'm burning through the sky
84.5%
I'm a rocket ship on my way to Mars
83.9%
I'm having a good time
83.7%
I'm a racing car passing by like Lady Godiva
83.5%
I'm having such a good time
83.4%
I'm a shooting star leaping through the sky
83.4%
% Correct
I'm having a ball
83.1%
I'm gonna go, go, go
80.4%
I'm a sex machine ready to reload
79.3%
I'm gonna have myself a real good time
78.8%
I'm floating around in ecstasy
77.9%
I'm out of control
77.4%
I am a satellite
74.1%
Remove Ads.
Support Sporcle.
Get the best of Sporcle when you Go Orange. This ad-free experience offers more features, more stats, and more fun while also helping to support Sporcle. Thank you for becoming a member.

You're not logged in!

Compare scores with friends on all Sporcle quizzes.
OR
Log In

Show Comments

Extras

Top Quizzes Today


Score Distribution

Your Account Isn't Verified!

In order to create a playlist on Sporcle, you need to verify the email address you used during registration. Go to your Sporcle Settings to finish the process.

Report this User

Report this user for behavior that violates our Community Guidelines.

Details: